000 00462nam a22001577a 4500
999 _c9207
_d9207
008 210329b ||||| |||| 00| 0 eng d
040 _aBMS College of Architecture
100 _aRaaj, Sanjna
245 _aFashion house at Bangalore
300 _aNA
500 _a1BM03AT022
502 _8B.Arch
_NBMS College of Architecture, Visvesvaraya Technological University
_aProject report
_d2007
650 _aHouse
700 _aSatish Rao
_eGuide
942 _2ddc
_cTHE